Catálogo público

Conteo de población y vivienda 2005 (2o) : (Record no. 94112)

MARC details
000 -CABECERA
campo de control de longitud fija 01221cam a22003377a 4500
003 - IDENTIFICADOR DEL NÚMERO DE CONTROL
campo de control CHAP
005 - FECHA Y HORA DE LA ÚLTIMA TRANSACCIÓN
campo de control 20240430144837.0
008 - DATOS DE LONGITUD FIJA--INFORMACIÓN GENERAL
campo de control de longitud fija 100301s2008 mx r 00010 spa d
010 ## - NÚMERO DE CONTROL DE LA BIBLIOTECA DEL CONGRESO
Número de control de LC 94112
011 ## - ENLACE DEL NUMERO DE CONTROL DE LA BIBLIOTECA DEL CONGRESO [OBSOLETO]
Número de control de LC 95084
020 ## - NÚMERO INTERNACIONAL ESTÁNDAR DEL LIBRO
Número Internacional Estándar del Libro 9789701349991
035 ## - NÚMERO DE CONTROL DEL SISTEMA
Número de control de sistema 105688
040 ## - FUENTE DE LA CATALOGACIÓN
Centro/agencia transcriptor CHAP
082 04 - NÚMERO DE LA CLASIFICACIÓN DECIMAL DEWEY
Número de clasificación 312.0972
Número de documento/Ítem In31 2005
110 2# - ENTRADA PRINCIPAL--NOMBRE DE ENTIDAD CORPORATIVA
Nombre de entidad corporativa o nombre de jurisdicción como elemento de entrada Instituto Nacional de Estadística, Geografía e Informática. México
9 (RLIN) 59304
245 10 - MENCIÓN DE TÍTULO
Título Conteo de población y vivienda 2005 (2o) :
Resto del título México y sus municipios
Mención de responsabilidad, etc. /por Instituto Nacional de Estadística, Geografía e Informática
260 ## - PUBLICACIÓN, DISTRIBUCIÓN, ETC.
Lugar de publicación, distribución, etc. Aguascalientes, Ags. :
Nombre del editor, distribuidor, etc. INEGI,
Fecha de publicación, distribución, etc. c2008
300 ## - DESCRIPCIÓN FÍSICA
Extensión 441 p. :
Otras características físicas cuadros, gráfs., mapas, + CD (4 3/4 plg.)
590 ## - NOTA LOCAL (RLIN)
Nota local BATCH-UPD
Procedencia (VM) [OBSOLETO] 10
Condición del los carretes individuales (VM) [OBSOLETO] 20130110
590 ## - NOTA LOCAL (RLIN)
Nota local BATCH-UPD
Procedencia (VM) [OBSOLETO] 10
Condición del los carretes individuales (VM) [OBSOLETO] 20130410
590 ## - NOTA LOCAL (RLIN)
Nota local BATCH-UPD
Procedencia (VM) [OBSOLETO] 10
Condición del los carretes individuales (VM) [OBSOLETO] 20130914
590 ## - NOTA LOCAL (RLIN)
Nota local CONVERSION
Procedencia (VM) [OBSOLETO] 10
Condición del los carretes individuales (VM) [OBSOLETO] 20130109
650 14 - PUNTO DE ACCESO ADICIONAL DE MATERIA--TÉRMINO DE MATERIA
Término de materia o nombre geográfico como elemento de entrada México
Subdivisión general Censos (2005)
9 (RLIN) 76667
650 14 - PUNTO DE ACCESO ADICIONAL DE MATERIA--TÉRMINO DE MATERIA
Término de materia o nombre geográfico como elemento de entrada México
Subdivisión general Municipios.
9 (RLIN) 76781
650 14 - PUNTO DE ACCESO ADICIONAL DE MATERIA--TÉRMINO DE MATERIA
Término de materia o nombre geográfico como elemento de entrada Población
Subdivisión general Estadísticas
Subdivisión geográfica México.
9 (RLIN) 89385
650 14 - PUNTO DE ACCESO ADICIONAL DE MATERIA--TÉRMINO DE MATERIA
Término de materia o nombre geográfico como elemento de entrada Población
Subdivisión general México.
9 (RLIN) 89408
650 14 - PUNTO DE ACCESO ADICIONAL DE MATERIA--TÉRMINO DE MATERIA
Término de materia o nombre geográfico como elemento de entrada Vivienda
Subdivisión geográfica México.
9 (RLIN) 120153
901 ## - ELEMENTOS DE DATOS A LOCAL LDA (RLIN)
a BK
942 ## - ELEMENTOS DE PUNTO DE ACCESO ADICIONAL (KOHA)
Tipo de ítem Koha Libro
Fuente del sistema de clasificación o colocación Dewey Decimal Classification
949 ## - PROCESAMIENTO DE INFORMACIÓN LOCAL (OCLC)
a 312.0972 In31 2005
b BC
c INEGI
d 33724002096686
e INEGI
g DonaciØn
h 111941
i 105688
s b
Holdings
Estado de retiro Estado de pérdida Estado dañado Restricciones de uso No para préstamo Código de colección Localización permanente Ubicación/localización actual Fecha de adquisición Fuente de adquisición Información codificada de la localización en otra ubicación Número de inventario Total de préstamos Signatura topográfica completa Código de barras Fecha visto por última vez Precio válido a partir de Tipo de ítem Koha Fuente del sistema de clasificación o colocación Ubicación en estantería Nota pública
      Préstamo 3 días   Publicaciones INEGI Biblioteca Central Biblioteca Central 31/12/2019 Donacion LIBRO 127   312.0972 In31 2005 33724002096686 31/12/2019 31/12/2019 Libro      
      Préstamo interno   Material multimedia Biblioteca Central Biblioteca Central 30/04/2024         312.0972 In31 2005 33724002586882 30/04/2024 30/04/2024 CD Dewey Decimal Classification Planta Principal - Área de préstamo - Mat. Multimedia Material complementario